000 00351nam a2200133Ia 4500
008 240624s9999 xx 000 0 und d
041 _aeng
082 _a650.1 PER
100 _aPERSICO JOHN
245 _aNEW BUSINESS VALUES FOR SUCCESS IN THE T
260 _c2000
_aMumbai
_bJaico Publishing House
300 _axii, : 312 : p. : cm. ; 25
365 _cRS
999 _c739
_d739